00701nam a2200205 a 450000100100000000500170001000800410002704000250006808200170009310000250011024500720013526000340020730000330024149000150027470000380028983000210032704900090034895201210035799900170047800002409620200930022720.0110118s1970 ve c r 000 0 spa d aDO-SdBNPbspacBNPHU axxxxxbS228a1 aSanoja, Sonia94950010aA través de la danza /cSonia Sanoja ; prólogo Roberto Guevara. aCaracas :bMonte Avia,c1970. a125 p. :bretrs. ;c17.5 cm.1 aContinente1 aGuevara, Roberto,epról.949501 0aContinente95070 aBNGR 001054708MOaGRbGRcCTd2011-01-18iLF1l0oxxxxx S228ap24096-10r2020-06-25w2020-06-25y4ZPréstamo en sala c23591d23591